| 000 | 00366pam a2200133a 44500 | ||
|---|---|---|---|
| 008 | 230405s2005 xxu||||| |||| 00| 0 eng d | ||
| 041 | _aENG | ||
| 100 | _aSETHI P.D. | ||
| 245 | _aQUANTITATIVE ANALYSIS OF DRUGS IN PHARMACEUTICAL FORMULATIONS | ||
| 250 | _a3 | ||
| 260 |
_aNEW YORK _bWILEY INTERSCIENCE PUBLICATION NEW YORK _c2005 |
||
| 300 | _a643 | ||
| 906 | _a3377 | ||
| 999 |
_c278648 _d278648 |
||